000 01610nam a2200241Ia 4500
003 Ost
005 20260507075252.0
008 260507s9999||||xx |||||||||||||| ||und||
020 _a7614401128978
040 _cfsecg
041 _aara
082 _a330
100 _aالندوي، محسن
_eمؤلف
245 0 _aتحديات التكامل الاقتصادي العربي في عصر العولمة /
_c محسن الندوي
260 _aبيروت:
_bمنشورات الحلبي الحقوقية,
_c2011
300 _a397 صفحة؛
_bإيضاحات ؛
_c24 سم
504 _aمراجع ص.373 ؛ ملاحق ص.363
520 _aالاطار التاريخي و القانوني للتكامل الاقتصادي الدولي و الاقليمي ، مفهوم التكامل الاقتصادي الدولي و مسار هذا التطور ، التحديات الدولية و الاقليمية للتكامل الاقتصادي العربي ، التجارب الاقليمية العربيية في التكامل الاقتصادي ، نماذج من التجارب الاقليمية غير العربية في التكامل الاقتصادي: مجلس التعاون الخليجي ، اتحاد المغرب العربي ، نماذج من التجارب الاقليمية غير العربية في التكامل الاقتصادي : الاتحاد الاوروبي و رابطة دول جنوب شرق آسيا ASEAN .
653 _aالاقتصاد
653 _aالتكامل الإقتصادي
653 _aالسوق العربية المشتركة
942 _cكتاب
999 _c43706
_d43706